Normal view
MARC view
Entry Topical Term
001 - CONTROL NUMBER
- control field: 259283
003 - CONTROL NUMBER IDENTIFIER
- control field: OSt
005 - DATE AND TIME OF LATEST TRANSACTION
- control field: 20260325144716.0
008 - FIXED-LENGTH DATA ELEMENTS
- fixed length control field: 260325|| aca||aabn | a|a d
040 ## - CATALOGING SOURCE
- Original cataloging agency: OSt
- Transcribing agency: OSt
150 ## - HEADING--TOPICAL TERM
- Topical term or geographic name entry element: Inductances
670 ## - SOURCE DATA FOUND
- Source citation: Work cat.: (OSt)241058: Juha Pyrhonen 259281, Design of rotating electrical machines Ed2, 2017